Historia política contemporánea de El Salvador: La Crisis del café de1974 /
Análisis de la crisis del café de 1974, en El Salvador (causas, resultados y grupos sociales participantes). Partiendo de la importancia que tiene e café para este país, como primer producto de exportación, típifica e interpreta la crisis a partir del análisis de la actuación de los grupos sociales...
Guardado en:
| Autor principal: | |
|---|---|
| Otros Autores: | , , , , , , , , |
| Formato: | Texto |
| Publicado: |
San Salvador:
Universidad Centroaméricana José Simeón Cañas. Departamento de Ciencias Políticas y Sociología
|
| Materias: | |
| Etiquetas: |
Agregar Etiqueta
Sin Etiquetas, Sea el primero en etiquetar este registro!
|
MARC
| LEADER | 00000 a a2200000 04500 | ||
|---|---|---|---|
| 001 | 19913 | ||
| 003 | |||
| 040 | |||
| 090 | |a 080900 | ||
| 100 | |a Galván Bonilla, José Guillermo | ||
| 245 | |a Historia política contemporánea de El Salvador: La Crisis del café de1974 / |c José Guillermo Galván Bonilla | ||
| 260 | |a San Salvador: |b Universidad Centroaméricana José Simeón Cañas. Departamento de Ciencias Políticas y Sociología | ||
| 300 | |a 88 p. | ||
| 520 | |a Análisis de la crisis del café de 1974, en El Salvador (causas, resultados y grupos sociales participantes). Partiendo de la importancia que tiene e café para este país, como primer producto de exportación, típifica e interpreta la crisis a partir del análisis de la actuación de los grupos sociales involucrados, describe el fenómeno, sus antecedentes y resultados./ACM | ||
| 650 | |a CAFE | ||
| 650 | |a GRUPOS DE INTERESES | ||
| 650 | |a RECESION ECONOMICA | ||
| 700 | |a Marino de Ortiz, Mabel | ||
| 700 | |a Escobar, Francisco Andrés | ||
| 700 | |a Valle, César Alberto | ||
| 700 | |a Domenech, Mauricio A. | ||
| 700 | |a Meléndez, Carlos E. | ||
| 700 | |a Castro Araujo, Oscar | ||
| 700 | |a Lazo, Edwin N. | ||
| 700 | |a Pastore, Genaro | ||
| 700 | |a Silis, Salvador | ||
| 999 | |c 17416 |d 17416 | ||
